| 000 | 01007nmm a2200289 a 4500 | ||
|---|---|---|---|
| 001 | ocm000884766 | ||
| 003 | TR-IsHL | ||
| 005 | 20201028144005.0 | ||
| 008 | 141121s2014 tu tur | ||
| 007 | cr cn | ||
| 020 | _a9786051373461 | ||
| 035 |
_a884766 _b(N$T) |
||
| 050 | 0 | 4 |
_aHJ2906.5 _b.I88 2014 |
| 090 | 0 | 4 |
_aHJ2906.5 _b.I88 2014 |
| 245 | 1 | 0 |
_aBaşarılı vergi mükellefleri 2012 _h[electronic resource] / _chaz. İstanbul Ticaret Odası |
| 260 |
_aİstanbul : _bİstanbul Ticaret Odası, _c2014 |
||
| 300 | _a88 p. | ||
| 650 | 4 | _aEkonomi ve Finans | |
| 650 | 4 | _aEconomics and Finance | |
| 650 | 0 |
_aVergiler _x Türkiye |
|
| 650 | 0 |
_aTaxation _xTurkey. |
|
| 650 | 0 |
_aVergi mükellefleri _x Türkiye _x İstanbul |
|
| 650 | 0 |
_aTaxpayer compliance _x Research _xTurkey. |
|
| 650 | 7 |
_aBUSINESS & ECONOMICS / International / Taxation _2bisacsh |
|
| 700 | 1 | _aİstanbul Ticaret Odası | |
| 856 | 4 | 0 | _uhttp://search.ebscohost.com/login.aspx?direct=true&scope=site&db=e011xww&AN=884766 |
| 999 |
_c9192 _d9192 |
||